Quizzes
Events
Quiz Creation
Community
Videos
Private Events
Remove Ads
Sign In
Join for FREE
Feedback
Dark Mode
Quiz Categories
Sports
Geography
Music
Movies
Television
Just For Fun
Miscellaneous
History
Literature
Language
Science
Gaming
Entertainment
Religion
Holiday
For Kids
Quiz Lab
Recent
Popular Today
Quiz Kudos Today
Editor Picks
Curator Picks
Quizzes by...
Day
Popularity
Type
Ratings
Length
Year
Community
Subscriptions
Recent Discussions
Orange Saloon
Badges
Playlists
Quests
Create
Leaderboards
Showdown
Live 5
Trivia Bingo
Activity
Puzzle Library
Sporcle Events
Private Events
Virtual Trivia
Globe League
Become a Host
Pub Owners
SporcleCon
Opinionation
Our Games
Videos
Blog
Mobile Apps
Partnerships
Remove Ads and Go Orange
Feedback
Sports
Athletes
MLB
NBA
NHL
NFL
Soccer
Sports Teams
WWE
NCAA
Football
Premier League
Basketball
Baseball
Hockey
Golf
Tennis
Cricket
Rugby
Auto Racing
Olympics
World Cup
Sports
Athletes
MLB
NBA
NHL
NFL
Soccer
Sports Teams
WWE
NCAA
Football
Premier League
Basketball
Baseball
Hockey
Golf
Tennis
Cricket
Rugby
Auto Racing
Olympics
World Cup
Random Quiz
Search Sporcle
×
Quiz Lab
Quiz Lab
Sports
Soccer
Type in answers that appear in a list
Type in answers that appear in a list
Classic
Best Score? Go Orange.
Champions Knockout league scorers 2016/2017 Stats
Can you name the Champions league scorers 2016/2017?
By
nawafibrahim10
10m
85 Questions
158 Plays
158 Plays
158 Plays
Comments
Comments
Give Quiz Kudos
Give Quiz Kudos
-
- Ratings
hide this ad
Replay
Link that replays current quiz
Next Quiz
Link to next quiz in quiz playlist
You Got
0%
They Got
Avg Score
62%
Avg Friend Score
Upgrade to see
Score Distribution
Jump to the score distribution portion of the page
Score
0/85
Timer
10:00
0
Plays Today
Hint
Answer
% Correct
Real Madrid vs Juventus (4-
1)
Cristiano Ronaldo
100%
Real Madrid vs Atletico Madrid (3-
0)
Cristiano Ronaldo
100%
Bayern Munich vs Real Madrid (4-
2)
Cristiano Ronaldo
100%
Real Madrid vs Bayern Munich (2-
1)
Cristiano Ronaldo
100%
Monaco vs Juventus (1-
2)
Kylian Mbappe
88%
Monaco vs Dortmund (3-
1)
Kylian Mbappe
88%
Dortmund vs Monaco (2-
3)
Kylian Mbappe
88%
Monaco vs Man City (3-
1)
Kylian Mbappe
88%
Kylian Mbappe
88%
Atletico Madrid vs Leicester City (1-
1)
Jamie Vardy
87.3%
Sevilla vs Leicester City (2-
1)
Jamie Vardy
87.3%
Barcelona vs PSG (6-
1)
Lionel Messi
86.7%
Real Madrid vs Atletico Madrid (1-
2)
Antoine Griezmann
86.1%
Leicester City vs Atletico Madrid (0-
1)
Antoine Griezmann
86.1%
Bayer Leverkusen vs Atletico Madrid (2-
4)
Antoine Griezmann
86.1%
Bayern Munich vs Real Madrid (4-
2)
Robert Lewandowski
85.4%
Bayern Munich vs Arsenal (5-
1)
Robert Lewandowski
85.4%
Bayern Munich vs Arsenal (5-
1)
Robert Lewandowski
85.4%
Real Madrid vs Juventus (4-
1)
Casemiro
84.8%
Real Madrid vs Napoli (3-
1)
Casemiro
84.8%
Real Madrid vs Juventus (4-
1)
Marco Asensio
84.2%
Real Madrid vs Juventus (4-
1)
Mario Mandzukic
84.2%
Monaco vs Juventus (1-
2)
Mario Mandzukic
84.2%
Bayern Munich vs Real Madrid (4-
2)
Marco Asensio
84.2%
Bayern Munich vs Arsenal (5-
1)
Arjen Robben
82.9%
Bayern Munich vs Arsenal (5-
1)
Arjen Robben
82.9%
Real Madrid vs Napoli (3-
1)
Karim Benzema
82.9%
Juventus vs Monaco (2-
0)
Gonzalo Higuain
82.3%
Barcelona vs PSG (6-
1)
Luis Suarez
82.3%
Hint
Answer
% Correct
Barcelona vs PSG (6-
1)
Neymar
81%
Napoli vs Real Madrid (1-
3)
Sergio Ramos
81%
Monaco vs Dortmund (3-
1)
Falcao
80.4%
Man City vs Monaco (5-
3)
Falcao
80.4%
Real Madrid vs Atletico Madrid (1-
2)
Isco
75.9%
Monaco vs Dortmund (3-
1)
Marco Reus
75.9%
Juventus vs Barcelona (3-
0)
Paolo Dybala
75.9%
Juventus vs Porto
Paolo Dybala
75.9%
Barcelona vs PSG (6-
1)
Edinson Cavani
75.9%
PSG vs Barcelona (4-
0)
Edinson Cavani
75.9%
Dortmund vs Benfica (4-
0)
Aubameyang
75.3%
Bayern Munich vs Arsenal (5-
1)
Thomas Muller
74.7%
Man City vs Monaco (5-
3)
Sergio Aguero
73.4%
Real Madrid vs Napoli (3-
1)
Toni Kroos
70.9%
Real Madrid vs Bayern Munich (2-
1)
Arturo Vidal
67.7%
Bayern Munich vs Arsenal (5-
1)
Arturo Vidal
67.7%
Barcelona vs PSG (6-
1)
Sergie Roberto
64.6%
Monaco vs Juventus (1-
2)
Dani Alves
62%
Porto vs Juventus (0-
2)
Dani Alves
62%
Bayern Munich vs Arsenal (5-
1)
Douglas Costa
61.4%
Napoli vs Real Madrid (1-
3)
Dries Mertens
59.5%
Bayern Munich vs Arsenal (5-
1)
Alexis Sanchez
58.2%
Monaco vs Man City (3-
1)
Leroy Sane
55.7%
Man City vs Monaco (5-
3)
Leroy Sane
55.7%
Monaco vs Man City (3-
1)
Tiemoue Bakayoko
53.8%
Man City vs Monaco (5-
3)
Raheem Sterling
51.3%
Dortmund vs Monaco (2-
3)
Ousmane Dembele
50.6%
Napoli vs Real Madrid (1-
3)
Alvaro Morata
50.6%
Real Madrid vs Atletico Madrid (1-
2)
Saul Niguez
50%
Hint
Answer
% Correct
Atletico Madrid vs Leicester City (1-
1)
Saul Niguez
50%
Bayer Leverkusen vs Atletico Madrid (2-
4)
Saul Niguez
50%
Real Madrid vs Napoli (3-
1)
Lorenzo Insigne
48.1%
Monaco vs Man City (3-
1)
Fabinho
47.5%
Bayer Leverkusen vs Atletico Madrid (2-
4)
Fernando Torres
47.5%
Juventus vs Barcelona (3-
0)
Giorgio Chiellini
46.8%
Leicester City vs Sevilla (2-
0)
Marc Albrighton
44.9%
Bayer Leverkusen vs Atletico Madrid (2-
4)
Kevin Gameiro
43.7%
PSG vs Barcelona (4-
0)
Julian Draxler
42.4%
Monaco vs Dortmund (3-
1)
Valere Germain
39.9%
Leicester City vs Sevilla (2-
0)
Wes Morgan
39.9%
PSG vs Barcelona (4-
0)
Angel Di Maria
39.9%
Dortmund vs Benfica (4-
0)
Christian Pulisic
34.8%
Man City vs Monaco (5-
3)
John Stones
33.5%
Bayern Munich vs Arsenal (5-
1)
Thiago Alcantara
33.5%
Bayern Munich vs Arsenal (5-
1)
Theo Walcott
32.9%
Dortmund vs Monaco (2-
3)
Shinji Kagawa
29.7%
Sevilla vs Leicester City (2-
1)
Juaqin Correa
26.6%
Benfica vs Dortmund (1-
0)
Kostas Mitroglou
20.9%
Bayer Leverkusen vs Atletico Madrid (2-
4)
Karim Bellarabi
20.3%
Porto vs Juventus (0-
2)
Marko Pjaca
15.2%
Sevilla vs Leicester City (2-
1)
Pablo Sarabia
10.1%
Bayern Munich vs Real Madrid (4-
2)
Sergio Ramos (O.G)
2.5%
Dortmund vs Monaco (2-
3)
Sven Bender (O.G)
2.5%
Barcelona vs PSG (6-
1)
Kurzawa (O.G)
2.5%
Napoli vs Real Madrid (1-
3)
Dries Mertens (O.G)
2.5%
Bayer Leverkusen vs Atletico Madrid (2-
4)
Stefan Savic (O.G)
1.9%
Quiz Playlist
Details
Report
Send in Message
Add To Playlist
Classic:
Type in answers that appear in a list
Last Updated: Jun 29, 2017
Quiz Scoreboard
CHALLENGE
Sign Up to Join the Scoreboard
Show All
Scores
Hide
Comments
May contain spoilers
Recently Published
Movies - When Are They Set?
by FPL_Elf
Movies
5m
Popular People in 1961
by mucciniale
History
6m
1-10 Letter E Words III
by El_Dandy
Language
2m
More to Explore
Quiz From the Vault
Featured Blog Post
Where Did the Easter Bunny Come From?
hide this ad
You Might Also Like...
Tags
Soccer Quiz
2017
Goal Scorers
UEFA Champions' League
Today's Top Quizzes in Sports
Browse Sports
hide this ad
Today's Top Quizzes in Soccer
Browse Soccer
Top Contributed Quizzes in Sports
1
Les meilleurs buteurs des matchs entre le PSG et l’OM
2
2022 World Cup Stars
3
FIFA Club World Cup Champions
4
Les entraîneurs de l'OM et du PSG au 21e siècle
5
Name the Premier League winners with different clubs
6
La finale Lions - Afrique du Sud 2021
7
Criteria MLB: Left Handed Sluggers
8
Les joueurs passés par le LOSC et le RC Lens
9
Players with Multiple 50 Home Run Seasons
10
MLB Players with Two .350 Batting Average Seasons
Explore More
Trending Topics
Disney
Crossword
Anime
Kpop
Harry Potter
Marvel
NBA
NFL
WWE
The Office
Puzzle
Soccer
Country
Song
Pokémon
hide this ad
More By:
nawafibrahim10
Quiz
Plays
Rating
Category
Featured
Created
Champions Knockout league scorers 2016/2017
158
5.00
Sports
Jun 16, 2017
Go to Creator's Profile
Score Distribution
Quiz Creator Spotlight
nawafibrahim10
Follow
Send a Message
Quizzes Created
-
Created Quiz Play Count
-
More By This Creator
Popular Quizzes Today
1
Find the Countries of Europe - No Outlines Minefield
2
Find the US States - No Outlines Minefield
3
The Countries of the World
4
Popular People in 1961
5
US States
6
1-10 Letter E Words III
7
Find the US States
8
One Thing in Common: World Cities II
More Sports Quizzes
FIFA 07-22; Fullbacks With 85+ Overall Ability
Quiz Lab
Trending Quizzes
Risky Map Clicking: Least Populous States A-Z
1-10 Letter F Words
1-10 Letter G Words
One Thing in Common: United Kingdom
Risky Map Clicking: Next State Alphabetically
Recently Updated
Leaping Animals
pecheneg
Reality TV Shows (A-Z)
bhenderson79
Rickey Henderson's Hall of Fame Teammates
pecheneg
Champions League XIs: Arsenal
pecheneg
Quick Pick: Celebrities in WWE's Hall of Fame
aduchscher
A-Z Keypad Blitz II
pecheneg
Multiple Oscar Actors
pecheneg
Mystery Phrase Blitz: Oscar 'Best Actors'
pecheneg
F. Scott Fitzgerald Novels
LTH
Pick 3 Villains
ddd62291
Trending Topics
Disney
Anime
Harry Potter
Kpop
Marvel
NBA
Crossword
WWE
The Office
NFL
Pokémon
Puzzle
Country
Soccer
Song
Your Account Isn't Verified!
In order to create a playlist on Sporcle, you need to verify the email address you used during registration. Go to your
Sporcle Settings
to finish the process.
Report this User
Report this user for behavior that violates our
Community Guidelines
.
Details:
Send Report
Go to the Sporcle.com Mobile Site →
Comments